000 00732nam a22002417a 4500
003 UA-OsUOA
001 46653
007 ta
008 20120507b un ||||| |||| 00| 0 ukr d
100 _aСемчук С.
090 _a09.-82(091)(477)
_bС30
942 _cBK
040 _aUA-OsUOA
_bukr
_cUA-OsUOA
_dUA-OsUOA
245 _aНачерк історії українського письменства
300 _a94 с.
955 _a4
041 _aukr
080 _a09.-82(091)(477)
260 _aЙорктон; Вінніпег
_c1948
650 7 _a0 Загальний відділ.
_2UDC
999 _c426755
_d426755